Statistics for Biggest Cities in Zambia Quiz

Click here to take the quiz!

General Stats

  • This quiz has been taken 36 times
    (10 since last reset)
  • The average score is 7 of 15

Answer Stats

Population City % Correct
1,747,152Lusaka
100%
501,360Kitwe
71%
451,246Ndola
71%
116,627Chipata
71%
202,360Kabwe
57%
101,845Kasama
57%
78,153Mansa
57%
72,100Mazabuka
57%
134,349Livingstone
43%
71,573Kafue
43%
185,246Chingola
29%
151,309Mufulira
29%
77,818Chililabombwe
29%
130,076Luanshya
14%
90,856Solwezi
14%

Score Distribution

Percentile by Number Answered

Percent of People with Each Score

Your Score History

You have not taken this quiz since the last reset